Mikroekonómia
Na minha lista:
| Autor principal: | |
|---|---|
| Autor Corporativo: | |
| Outros Autores: | , , , |
| Formato: | Livro |
| Idioma: | eslovaco |
| Publicado em: |
Bratislava
Sprint dva
2008
|
| Edição: | 1. vyd. |
| Colecção: | Economics
|
| Assuntos: | |
| Tags: |
Sem tags, seja o primeiro a adicionar uma tag!
|
MARC
| LEADER | 00000nam$a2200000$$$4500 | ||
|---|---|---|---|
| 001 | 0086576 | ||
| 005 | 20240502071958.8 | ||
| 020 | |a 978-80-969927-9-9 | ||
| 041 | 0 | |a slo | |
| 044 | |a SK | ||
| 245 | 1 | 0 | |a Mikroekonómia |c Vieroslava Holková, Alexandra Veselková |
| 250 | |a 1. vyd. | ||
| 264 | 1 | |a Bratislava |b Sprint dva |c 2008 | |
| 300 | |a 314 s. | ||
| 490 | 1 | |a Economics | |
| 830 | 0 | |a Economics | |
| 610 | 2 | 0 | |a mikroekonomika |
| 610 | 2 | 0 | |a ponuka |
| 610 | 2 | 0 | |a dopyt |
| 610 | 2 | 0 | |a rovnováha |
| 610 | 2 | 0 | |a spotrebitelia |
| 610 | 2 | 0 | |a rozhodovanie |
| 610 | 2 | 0 | |a trh |
| 100 | 1 | |a Holková, Vieroslava | |
| 700 | 1 | |a Veselková, Alexandra | |
| 700 | 1 | |a Šatanová, Anna | |
| 700 | 1 | |a Táncošová, Judita | |
| 700 | 1 | |a Vincúr, Pavol | |
| 710 | 2 | |a Ekonomická univerzita v Bratislave | |